| 000 -LEADER |
| fixed length control field |
01291cam a2200301 a 4500 |
| 001 - CONTROL NUMBER |
| control field |
00230446 |
| 003 - CONTROL NUMBER IDENTIFIER |
| control field |
OCoLC |
| 005 - DATE AND TIME OF LATEST TRANSACTION |
| control field |
20230119161253.0 |
| 008 - FIXED-LENGTH DATA ELEMENTS--GENERAL INFORMATION |
| fixed length control field |
120312r20031986inu 000 1 eng d |
| 020 ## - INTERNATIONAL STANDARD BOOK NUMBER |
| International Standard Book Number |
9780553212419 |
| Qualifying information |
(pbk. : v. 1) |
| 020 ## - INTERNATIONAL STANDARD BOOK NUMBER |
| International Standard Book Number |
0553212419 |
| Qualifying information |
(pbk. : v. 1) |
| 035 ## - SYSTEM CONTROL NUMBER |
| System control number |
UM045597 |
| 035 ## - SYSTEM CONTROL NUMBER |
| System control number |
(OCoLC)779852559 |
| 040 ## - CATALOGING SOURCE |
| Original cataloging agency |
NTPU |
| Transcribing agency |
KH8 |
| 042 ## - AUTHENTICATION CODE |
| Authentication code |
nbic |
| 082 0# - DEWEY DECIMAL CLASSIFICATION NUMBER |
| Classification number |
FIC DOY |
| 100 ## - MAIN ENTRY--PERSONAL NAME |
| Personal name |
Doyle, Arthur Conan, Sir |
| Dates associated with a name |
1859-1930. |
| Relator term |
author |
| 245 00 - TITLE STATEMENT |
| Title |
Sherlock Holmes : |
| Remainder of title |
the complete novels and stories. |
| Number of part/section of a work |
Volume I / |
| Statement of responsibility, etc. |
Sir Arthur Conan Doyle ; with an introduction by Loren Estleman. |
| 250 ## - EDITION STATEMENT |
| Edition statement |
Bantam Classic reissue ed. |
| 260 ## - PUBLICATION, DISTRIBUTION, ETC. |
| Place of publication, distribution, etc. |
New York : |
| Name of publisher, distributor, etc. |
Bantam Dell, |
| Date of publication, distribution, etc. |
2003, c1986. |
| 300 ## - PHYSICAL DESCRIPTION |
| Extent |
xviii, 1059 p. ; |
| Dimensions |
18 cm. |
| 440 ## - SERIES STATEMENT/ADDED ENTRY--TITLE |
| Title |
Bantam Classic. |
| 520 ## - SUMMARY, ETC. |
| Summary, etc. |
Since his first appearance in "Beeton's Christmas Annual in 1887, Sir Arthur Conan Doyle's Sherlock Holmes has been one of the most beloved fictional characters ever created. Now, in two paperback volumes, Bantam presents all fifty-six short stories and four novels featuring Conan Doyle's classic hero--a truly complete collection of Sherlock. |
| 650 #0 - SUBJECT ADDED ENTRY--TOPICAL TERM |
| Topical term or geographic name entry element |
Detective and mystery stories. |
| 650 #0 - SUBJECT ADDED ENTRY--TOPICAL TERM |
| Topical term or geographic name entry element |
Short stories. |
| 700 1# - ADDED ENTRY--PERSONAL NAME |
| Personal name |
Estleman, Loren D. |
| Relator term |
Writer of introduction |
| 942 ## - ADDED ENTRY ELEMENTS (KOHA) |
| Source of classification or shelving scheme |
|
| Koha item type |
Books - Fiction |